00722nam a2200241 a 45000010010000000030011000100080041000210200009000620350026000710920013000971000022001102450082001322600044002143000015002585000012002736500019002858560030003049420012003349520091003469900006004379980020004439990017004630001-1133ELIB.Books150504 2010 eng  aKBTS a(ELIB.Books)0001-1288 a270bDeM aDe Mesa, Jose` M. aBecoming Church Being SacramentbA Filipino Ecclesiology For College Students aManilabSt. Scholastica's Collegec2012 a191c21 Cm aLibrary aChurch History nKBTS: LibraryuKBTS: Elib 2ddccBK 00102ddc4070aKBTSbKBTSd2015-05-04l0p14742r2022-01-22 00:00:00w2022-01-22yBK a1 cbate2015-05-04 c11133d11133